000 00987nam a22002537a 4500
005 20240530110353.0
008 141229s2001 ua d f b 000 0 ara d
017 _a2001/16524
_bمصر . دار الكتب المصرية
020 _a9770518735
040 _aEG-CaGPL
041 0 _aara
082 0 4 _221
_a370.962
_bق/ف ت
100 0 _aفايز مراد مينا
245 1 2 _aالتعليم فى مصر :
_bالواقع و المستقبل حتى عام 2020 /
_cفايز مراد مينا
260 _aالقاهرة :
_bمكتبة الانجلو المصرية ،
_c[ 2001 ]
300 _a392 ص :
_bجداول ؛
_c24 سم
490 _aمنتدى العالم الثالث مصر 2020
504 _aببليوجرافية : ص 291 - 309
650 0 4 _aالتعليم
_zمصر
650 0 4 _aالتعليم
_zمصر
_xاغراضه واهدافه
651 0 4 _aمصر
_xالتخطيط التربوى
942 _2ddc
_cBK
999 _c60121
_d60121